| 000 | 00626nam a22001337a 4500 | ||
|---|---|---|---|
| 082 |
_a294.5922 _bRAM/R |
||
| 100 | _aRAMANUJANEZHUTHACHAN, THUNJATHU | ||
| 245 |
_aADYATHMA RAMAYANAM _bKILIPATTU |
||
| 260 |
_aTRIVANDRUM _bKERALA PUBLISHERS AND DISTRIBUTORS _c1998 |
||
| 300 | _a654 | ||
| 520 | _aAdhyatma Ramayana contains the ideal characteristics of Rama and the precepts related to devotion, knowledge, dispassion, adoration and good conduct. Rama is presented as the supreme Brahman in the text, while the struggles of Sita and him are re-interpreted in an abstract spiritual form. | ||
| 650 |
_aRELIGIOUS _zINDIA |
||
| 942 | _cBK | ||
| 999 |
_c5269 _d5269 |
||